Натуральные виноградные вина Сочи (Запись № 13693360)
[ простой вид ]
| 000 -МАРКЕР | |
|---|---|
| контрольное поле | 02522nkm0a2200469 4500 |
| 001 - ИДЕНТИФИКАТОР ЗАПИСИ | |
| контрольное поле | RU\NLR\BIBL_A\022747653 |
| 005 - ИДЕНТИФИКАТОР ВЕРСИИ | |
| контрольное поле | 20260426072851.0 |
| 035 ## - ДРУГИЕ СИСТЕМНЫЕ НОМЕРА | |
| Идентификатор записи | (NLR Aleph) 022747653 |
| 100 ## - ДАННЫЕ ОБЩЕЙ ОБРАБОТКИ | |
| Данные общей обработки | 20260426 rusy50 |
| 101 0# - ЯЗЫК РЕСУРСА | |
| Язык текста, звукозаписи и т.д. | русский |
| 102 ## - СТРАНА ПУБЛИКАЦИИ ИЛИ ПРОИЗВОДСТВА | |
| Страна публикации | Российская Федерация |
| 116 ## - ПОЛЕ КОДИРОВАННЫХ ДАННЫХ: ИЗОБРАЗИТЕЛЬНЫЕ МАТЕРИАЛЫ | |
| Кодированные данные для изобразительных материалов. | iiycxx zz ad |
| 135 ## - ПОЛЕ КОДИРОВАННЫХ ДАННЫХ: ЭЛЕКТРОННЫЕ РЕСУРСЫ | |
| Кодированные данные для электронного ресурса | crcn 024anaba |
| 181 #0 - ПОЛЕ КОДИРОВАННЫХ ДАННЫХ: ВИД СОДЕРЖАНИЯ | |
| Код вида содержания (ISBD) | b4 |
| Код характеристики содержания (ISBD) | xb2e |
| 182 #0 - ПОЛЕ КОДИРОВАННЫХ ДАННЫХ: ТИП СРЕДСТВА | |
| Код типа средства (ISBD) | n - непосредственное |
| 200 1# - ЗАГЛАВИЕ И СВЕДЕНИЯ ОБ ОТВЕТСТВЕННОСТИ | |
| Основное заглавие | Натуральные виноградные вина Сочи |
| Сведения, относящиеся к заглавию | садов В. А. Хлудова |
| -- | Кавказ, берег Черного моря |
| -- | [плакат] |
| 203 ## - ВИД СОДЕРЖАНИЯ И ТИП СРЕДСТВА | |
| Вид содержания | Изображение |
| Дополнительные сведения об издании | неподвижное |
| -- | двухмерное |
| -- | визуальное |
| Тип средства | непосредственное |
| 210 ## - ПУБЛИКАЦИЯ, РАСПРОСТРАНЕНИЕ И ДР. | |
| Место издания, распространения и т.д. | Москва |
| Имя издателя, распространителя и т. д. | Лит. т/д И. Н. Грызунов |
| Дата издания, распространения и т.д. | [между 1912 и 1917] |
| 215 ## - ФИЗИЧЕСКАЯ ХАРАКТЕРИСТИКА | |
| Специфическое обозначение материала и объем | 1 л. |
| Другие сведения о физической характеристике | фотомех. печ. |
| Размеры | 51,9х34,9 |
| 300 ## - ОБЩИЕ ПРИМЕЧАНИЯ | |
| Текст примечания | Реклама вин садов Хлудова Василия Алексеевича (1841-1913), предпринимателя, землевладелца, мецената, члена правления Егорьевской бумагопрядильной фабрики, основателя парка "Ривьера" в городе Сочи |
| 325 ## - ПРИМЕЧАНИЕ О КОПИИ | |
| Текст примечания | Копия доступна в Электрон. б-ке РНБ |
| 606 1# - НАИМЕНОВАНИЕ ТЕМЫ КАК ПРЕДМЕТ | |
| Наименование темы | Рекламный плакат русский |
| Хронологический подзаголовок | 1868 - 1917 |
| Системный номер авторитетной/нормативной записи | 2200006 |
| Идентификатор авторитетной/нормативной записи | RU\NLR\AUTH\6601557021 |
| 606 1# - НАИМЕНОВАНИЕ ТЕМЫ КАК ПРЕДМЕТ | |
| Наименование темы | Виноградная лоза |
| Формальный подзаголовок | Плакаты |
| Системный номер авторитетной/нормативной записи | 1125883 |
| Идентификатор авторитетной/нормативной записи | RU\NLR\AUTH\66127084 |
| 606 1# - НАИМЕНОВАНИЕ ТЕМЫ КАК ПРЕДМЕТ | |
| Наименование темы | Горы |
| Формальный подзаголовок | Плакаты |
| Системный номер авторитетной/нормативной записи | 1131218 |
| Идентификатор авторитетной/нормативной записи | RU\NLR\AUTH\66130083 |
| 606 1# - НАИМЕНОВАНИЕ ТЕМЫ КАК ПРЕДМЕТ | |
| Наименование темы | Суда |
| Формальный подзаголовок | Плакаты |
| Системный номер авторитетной/нормативной записи | 1049438 |
| Идентификатор авторитетной/нормативной записи | RU\NLR\AUTH\6687375 |
| 606 1# - НАИМЕНОВАНИЕ ТЕМЫ КАК ПРЕДМЕТ | |
| Наименование темы | Кипарисы |
| Формальный подзаголовок | Плакаты |
| Системный номер авторитетной/нормативной записи | 1392113 |
| Идентификатор авторитетной/нормативной записи | RU\NLR\AUTH\66585225 |
| 607 ## - ГЕОГРАФИЧЕСКОЕ НАИМЕНОВАНИЕ КАК ПРЕДМЕТ | |
| Географическое наименование | Черное море |
| Формальный подзаголовок | Плакаты |
| Системный номер авторитетной/нормативной записи | 1135727 |
| Идентификатор авторитетной/нормативной записи | RU\NLR\AUTH\66132787 |
| 686 ## - ИНДЕКСЫ ДРУГИХ КЛАССИФИКАЦИЙ | |
| Индекс | Щ153(2Р=Рус)53-466 |
| 712 00 - НАИМЕНОВАНИЕ ОРГАНИЗАЦИИ - ВТОРИЧНАЯ ОТВЕТСТВЕННОСТЬ | |
| Код отношения | Печатник (типограф) |
| Начальный элемент ввода | Грызунов, |
| Идентифицирующий признак | Москва |
| Инверсированный элемент | И. Н., |
| Часть наименования, отличная от начального элемента ввода и от инверсированного элемента | торговый дом |
| Системный номер авторитетной/нормативной записи | 2705870 |
| Идентификатор авторитетной/нормативной записи | RU\NLR\AUTH\880641662 |
| 852 00 - МЕСТОНАХОЖДЕНИЕ И ШИФР ХРАНЕНИЯ | |
| Идентификатор организации | NLR |
| Наименование фонда или коллекции (Sub-Location Identifier) | Э |
| Шифр хранения (Call Number) | Р.Рус./Торг.14 |
| Идентификатор единицы | Эаф11339 |
| 856 #0 - МЕСТОНАХОЖДЕНИЕ ЭЛЕКТРОННЫХ РЕСУРОВ И ДОСТУП К НИМ | |
| Универсальный идентификатор ресурса (Uniform Resource Identifier) | https://vivaldi.nlr.ru/la700001801/view |
| 856 #1 - МЕСТОНАХОЖДЕНИЕ ЭЛЕКТРОННЫХ РЕСУРОВ И ДОСТУП К НИМ | |
| Универсальный идентификатор ресурса (Uniform Resource Identifier) | https://vivaldi.nlr.ru/la700001801/cover |
| 856 #2 - МЕСТОНАХОЖДЕНИЕ ЭЛЕКТРОННЫХ РЕСУРОВ И ДОСТУП К НИМ | |
| Универсальный идентификатор ресурса (Uniform Resource Identifier) | https://vivaldi.nlr.ru/la700001801/text |
| 942 ## - ДОПОЛНИТЕЛЬНЫЕ ЭЛЕМЕНТЫ ЗАПИСИ (АБИС) | |
| Тип экземпляра АБИС | Визуальный материал |
| 980 ## - КОЛЛЕКЦИЯ | |
| Название коллекции | Национальная библиография |
| 981 17 - КОЛЛЕКЦИЯ ЭЛЕКТРОННОЙ БИБЛИОТЕКИ | |
| Название коллекции | Изографические материалы |
| Название подколлекции | Плакаты |
Нет доступных экземпляров.